000 00527nam a2200181 i 4500
001 22287
003 ES-MaACL
005 20240127062956.0
007 t|
008 021202s1911 it ||||1| ita d
100 0 _aDante Alighieri,
_d1265-1321
_942657
245 1 3 _aLa vita nova /
_cdi Dante Alighieri ; prefaziene de A. Agresti.
260 _aTorino :
_b[s.n.,
_c1911] (
_fSct. Tip. Edit.)
300 _a113 p. ;
_c22 cm.
700 1 _aAgresti, A.
_918592
852 _aES-MaACL
_jF-1570
999 _c22287
_d22287